000 00540nam a22001937a 4500
999 _c650
_d650
003 OSt
005 20230220171004.0
008 141031b xxu||||| |||| 00| 0 eng d
020 _a0632012536
040 _cdnlm
082 _aQU4 C1611 1984
100 _aCandlish J K
_91715
245 _aLecture notes on Biochemistry
260 _aLondon :
_bBlackwell Scientific Publications ;
_c1984.
300 _a290 p :
_bill ;
_c27 cm
504 _aIncludes Bibliographical references and Index.
650 _aBiochemistry
_9443
942 _2z
_cSLOAN